[Event "Online Olym Div2 C 2020"]
[Site "chess.com INT"]
[Date "2020.08.14"]
[Round "1.1"]
[Board "1"]
[White "Sousa, Andre Ventura"]
[Black "Anton Guijarro, David"]
[Result "1/2-1/2"]
[WhiteTitle "IM"]
[BlackTitle "GM"]
[WhiteElo "2394"]
[BlackElo "2688"]
[WhiteTeam "Portugal"]
[BlackTeam "Spain"]
[WhiteFideId "1917617"]
[BlackFideId "2285525"]
[EventDate "2020.08.14"]
[EventType "team"]

1. e4 c5 2. Nf3 Nc6 3. Bb5 e6 4. O-O Nge7 5. Re1 a6 6. Bf1 b6 7. c3 d5 8. d3 Bb7
9. Bg5 h6 10. Bh4 g5 11. Bg3 Bg7 12. Nbd2 O-O 13. h4 g4 14. exd5 exd5 15. Ne5 f5
16. d4 f4 17. Bh2 Nxe5 18. dxe5 h5 19. e6 c4 20. Qc2 Qc7 21. Rad1 g3 22. Nf3
gxh2+ 23. Kxh2 Bf6 24. Be2 Kh8 25. Kh1 Rg8 26. Nd4 Rg7 27. Bf3 Bxd4 28. Rxd4 Rf8
29. Qd2 Rf6 30. Kg1 Ng6 31. Bxh5 Nxh4 32. e7 Rxe7 33. Rxe7 Qxe7 34. Rxf4 Nf5 35.
Bg4 Ng7 36. Rxf6 Qxf6 37. Bf3 Qd6 38. Qd4 Kg8 39. Qg4 Kf7 40. Qg5 Bc6 41. Qd2
Qe5 42. a3 b5 43. Qh6 Qf6 44. Qd2 Qe5 45. Qh6 Qf6 46. Qd2 Kf8 47. Kf1 Nf5 48.
Qf4 Kg7 49. Kg1 Ne7 50. Qc7 Kf7 51. Qb6 d4 52. Bxc6 Nxc6 53. cxd4 Nxd4 54. Qb7+
Kf8 55. Qd5 Ne6 56. Qd6+ Kf7 57. Qd7+ Kg6 58. Qd2 Nf4 59. Qe3 Qg5 60. Qb6+ Qf6
61. Qe3 Nd3 62. Qg3+ Kf7 63. Qc7+ Qe7 64. Qb6 Qe1+ 65. Kh2 Qxf2 66. Qb7+ Kg6 67.
Qxa6+ Qf6 68. Qxb5 Qf4+ 69. Kh1 Qh4+ 70. Kg1 Qd4+ 71. Kh2 Nxb2 72. Qe8+ Kf5 73.
Qh5+ Ke6 74. Qe8+ Kd5 75. Qa8+ Ke5 76. Qe8+ Kf5 77. Qh5+ Ke4 78. Qf3+ Ke5 79.
Qe2+ Kd6 80. Qc2 Nd3 81. a4 c3 82. a5 Nb4 83. Qg6+ Kc5 84. a6 Qe5+ 85. g3 c2 86.
a7 Qe2+ 87. Kh3 Qf1+ 88. Kh2 Qe2+ 89. Kh3 Qf1+ 90. Kh2 Qf8 91. Qe4 Qh8+ 92. Qh4
Qa8 93. Qe7+ Kc4 94. Qc7+ Kb3 95. Qb8 Qe4 96. Qg8+ Kb2 97. a8=Q Qxa8 98. Qxa8
c1=Q 99. Qg2+ Kc3 100. Qf3+ Nd3 101. Qc6+ Kd2 102. Qxc1+ Kxc1 103. g4 Ne5 104.
g5 Nf3+ 105. Kh1 Nxg5 1/2-1/2

[Event "Online Olym Div2 C 2020"]
[Site "chess.com INT"]
[Date "2020.08.14"]
[Round "1.1"]
[Board "2"]
[White "Shirov, Alexei"]
[Black "Martins, David Pires Tavares"]
[Result "1-0"]
[WhiteTitle "GM"]
[BlackTitle "IM"]
[WhiteElo "2647"]
[BlackElo "2398"]
[WhiteTeam "Spain"]
[BlackTeam "Portugal"]
[WhiteFideId "2209390"]
[BlackFideId "1909991"]
[EventDate "2020.08.14"]
[EventType "team"]

1. e4 e6 2. d4 d5 3. Nc3 Nf6 4. e5 Nfd7 5. f4 c5 6. Nf3 Nc6 7. Be3 Be7 8. Be2
O-O 9. O-O b6 10. Qe1 f6 11. exf6 Nxf6 12. Bb5 Qc7 13. Bxc6 Qxc6 14. Ne5 Qc7 15.
Qg3 Ba6 16. Rf2 Nd7 17. Qg4 Qd6 18. Rd1 Nxe5 19. fxe5 Qd7 20. Bh6 Bd8 21. Rxf8+
Kxf8 22. Rd2 Bc7 23. Rf2+ Kg8 24. Nxd5 Kh8 25. Bxg7+ 1-0

[Event "Online Olym Div2 C 2020"]
[Site "chess.com INT"]
[Date "2020.08.14"]
[Round "1.1"]
[Board "3"]
[White "Jorge, Rita Maria Osorio"]
[Black "Matnadze, Ana"]
[Result "0-1"]
[WhiteTitle "WFM"]
[BlackTitle "IM"]
[WhiteElo "1983"]
[BlackElo "2421"]
[WhiteTeam "Portugal"]
[BlackTeam "Spain"]
[WhiteFideId "1923161"]
[BlackFideId "13601377"]
[EventDate "2020.08.14"]
[EventType "team"]

1. e4 c5 2. Nf3 d6 3. c3 g6 4. d4 cxd4 5. cxd4 Bg7 6. Nc3 Nf6 7. Bc4 O-O 8. O-O
Nc6 9. Bg5 Nxe4 10. Nxe4 d5 11. Bxd5 Qxd5 12. Nc3 Qd8 13. d5 Ne5 14. Nxe5 Bxe5
15. Re1 f6 16. Bh6 Rf7 17. Qf3 Bf5 18. Rad1 Qb6 19. Rd2 Rd8 20. Be3 Qa6 21. Bd4
Bxd4 22. Rxd4 Qb6 23. Rd2 a6 24. h3 Qb4 25. a3 Qb3 26. Rde2 Re8 27. d6 e5 28.
Rd2 Rd8 29. Red1 Kg7 30. Qd5 Be6 31. Qe4 Rfd7 32. Na4 Bf5 33. Qb4 Bc2 34. Rxc2
Qxc2 35. Rd2 Qc1+ 36. Kh2 a5 37. Qxa5 Rxd6 38. Rxd6 Rxd6 39. Nc5 Qf4+ 40. Kg1
Rd1+ 0-1

[Event "Online Olym Div2 C 2020"]
[Site "chess.com INT"]
[Date "2020.08.14"]
[Round "1.1"]
[Board "4"]
[White "Vega Gutierrez, Sabrina"]
[Black "Pintor, Ariana"]
[Result "1-0"]
[WhiteTitle "IM"]
[BlackTitle "WFM"]
[WhiteElo "2380"]
[BlackElo "1903"]
[WhiteTeam "Spain"]
[BlackTeam "Portugal"]
[WhiteFideId "2219026"]
[BlackFideId "1902806"]
[EventDate "2020.08.14"]
[EventType "team"]

1. d4 Nf6 2. c4 g6 3. Nc3 Bg7 4. e4 d6 5. h3 O-O 6. Be3 e5 7. d5 Na6 8. g4 Ne8
9. Nge2 f5 10. gxf5 gxf5 11. exf5 Bxf5 12. Ng3 Bg6 13. h4 Nf6 14. h5 Be8 15. Nf5
Qd7 16. Bh3 Bxh5 17. Qd2 Ng4 18. Bxg4 Bxg4 19. Nxg7 Qxg7 20. Bh6 Qg6 21. Bxf8
Bf3 22. Qh6 Bxh1 23. Qxg6+ hxg6 24. Bh6 Bf3 25. Kd2 Kf7 26. Ke3 Rh8 27. Bg5 Rh3
28. Kd2 Rh5 29. Rg1 Nc5 30. Ke3 Rh3 31. Rg3 Rxg3 32. fxg3 Bg4 33. Nb5 Nd7 34.
Nxa7 Nb6 35. b3 Bf5 36. Bd8 Na8 37. Nb5 Ke8 38. Bxc7 Nxc7 39. Nxc7+ Kd7 40. Nb5
Bb1 41. Nc3 Bc2 42. g4 Kc7 43. Kd2 Bf5 44. gxf5 gxf5 45. Ke3 Kb6 46. b4 Kc7 47.
a4 b6 48. Nb5+ Kd7 49. Kf3 Ke7 50. a5 bxa5 51. bxa5 Kd7 52. a6 Kc8 53. Nxd6+ Kb8
54. Nb5 Kc8 55. d6 1-0

[Event "Online Olym Div2 C 2020"]
[Site "chess.com INT"]
[Date "2020.08.14"]
[Round "1.1"]
[Board "6"]
[White "Garcia Martin, Marta"]
[Black "Avelino, Camila Biscaya"]
[Result "1-0"]
[WhiteTitle "IM"]
[WhiteElo "2328"]
[BlackElo "1732"]
[WhiteTeam "Spain"]
[BlackTeam "Portugal"]
[WhiteFideId "32084030"]
[BlackFideId "1938975"]
[EventDate "2020.08.14"]
[EventType "team"]

1. d4 Nf6 2. c4 g6 3. Nc3 Bg7 4. e4 d6 5. h3 Nbd7 6. Nf3 e5 7. d5 Nc5 8. Qc2 a5
9. Be3 O-O 10. g4 c6 11. Be2 cxd5 12. cxd5 Bd7 13. Bxc5 dxc5 14. Nxe5 Nxe4 15.
Nxd7 Nxc3 16. Nxf8 Nxe2 17. Qxe2 Qxd5 18. O-O Rxf8 19. Rfe1 Qc6 20. Qe4 Qb6 21.
Rab1 Rd8 22. b3 Bd4 23. Kg2 Qf6 24. Qf3 Qb6 25. Re7 Rf8 26. Rxb7 Qd6 27. Re1 f5
28. g5 Qd8 29. h4 h6 30. Ree7 hxg5 31. hxg5 Re8 32. Rxe8+ Qxe8 33. Qd5+ Kh8 34.
Rd7 Qe4+ 35. Qxe4 fxe4 36. Re7 Kg8 37. Rxe4 Kf7 38. f4 Bc3 39. Kf3 Bb4 40. Kg4
Bc3 41. f5 gxf5+ 42. Kxf5 Bd4 43. g6+ Kg7 44. Re7+ Kg8 45. Rc7 Kf8 46. Ke6 Kg8
47. Kd5 Kf8 48. Rxc5 Bxc5 49. Kxc5 Kg7 50. Kb5 Kxg6 51. Kxa5 Kf7 52. Kb6 Ke7 53.
a4 Kd8 54. Kb7 1-0

[Event "Online Olym Div2 C 2020"]
[Site "chess.com INT"]
[Date "2020.08.14"]
[Round "1.2"]
[Board "1"]
[White "Studer, Noel"]
[Black "Issa, Rafat"]
[Result "1-0"]
[WhiteTitle "GM"]
[BlackTitle "IM"]
[WhiteElo "2573"]
[BlackElo "2363"]
[WhiteTeam "Switzerland"]
[BlackTeam "Jordan"]
[WhiteFideId "1319620"]
[BlackFideId "7600437"]
[EventDate "2020.08.14"]
[EventType "team"]

1. d4 Nf6 2. c4 g6 3. Nc3 Bg7 4. e4 d6 5. h3 O-O 6. Be3 c5 7. Nf3 Qa5 8. Bd3
cxd4 9. Nxd4 Nc6 10. O-O Nxd4 11. Bxd4 Be6 12. Re1 Nd7 13. Bxg7 Kxg7 14. Nd5
Bxd5 15. exd5 Rfe8 16. Bf1 Qc5 17. Qd2 a5 18. Rac1 a4 19. Rc3 Qc7 20. Rce3 Nc5
21. h4 e5 22. dxe6 Rxe6 23. Rxe6 Nxe6 24. h5 gxh5 25. Rd1 a3 26. b3 Rd8 27. Qc3+
f6 28. Rd5 Qf7 29. Qa5 Re8 30. Rxd6 Ng5 31. Qf5 Re5 32. Qd3 Re7 33. b4 Qg6 34.
c5 Kh6 35. Qxg6+ Kxg6 36. f3 h4 37. Kf2 Nf7 38. Rd3 Ne5 39. Rxa3 Nc6 40. b5 Nd4
41. Ra7 Re5 42. Rxb7 Rxc5 43. Bd3+ f5 44. a4 Rc3 45. Ke3 Ne6 46. Rb6 Kf7 47. Kd2
Rc5 48. a5 Nf4 49. Bf1 Rd5+ 50. Ke3 Ne6 51. Rxe6 1-0

[Event "Online Olym Div2 C 2020"]
[Site "chess.com INT"]
[Date "2020.08.14"]
[Round "1.2"]
[Board "2"]
[White "Mansour, Sameer"]
[Black "Pelletier, Yannick"]
[Result "1-0"]
[WhiteTitle "IM"]
[BlackTitle "GM"]
[WhiteElo "2308"]
[BlackElo "2581"]
[WhiteTeam "Jordan"]
[BlackTeam "Switzerland"]
[WhiteFideId "8100144"]
[BlackFideId "1301837"]
[EventDate "2020.08.14"]
[EventType "team"]

1. Nf3 Nf6 2. g3 d5 3. Bg2 c6 4. O-O Bg4 5. d3 Nbd7 6. h3 Bxf3 7. Bxf3 e5 8. c4
dxc4 9. dxc4 Bc5 10. Nc3 O-O 11. Na4 Be7 12. Be3 Qc7 13. Qc2 Rfe8 14. Rfd1 Rad8
15. a3 b6 16. Nc3 Bc5 17. Bd2 a5 18. Rab1 b5 19. b4 axb4 20. axb4 Bd6 21. c5 Be7
22. Bg2 Nf8 23. Bg5 Ne6 24. Bxf6 Bxf6 25. Qe4 Rc8 26. Rd6 Nd4 27. Qg4 Be7 28.
Rd7 Qb8 29. e3 f5 30. Qd1 Ne6 31. Qb3 Kf7 32. Ra1 1-0

[Event "Online Olym Div2 C 2020"]
[Site "chess.com INT"]
[Date "2020.08.14"]
[Round "1.2"]
[Board "3"]
[White "Georgescu, Lena"]
[Black "Boshra, Alshaeby"]
[Result "1-0"]
[WhiteTitle "WIM"]
[BlackTitle "WFM"]
[WhiteElo "2276"]
[BlackElo "2033"]
[WhiteTeam "Switzerland"]
[BlackTeam "Jordan"]
[WhiteFideId "1331973"]
[BlackFideId "8102937"]
[EventDate "2020.08.14"]
[EventType "team"]

1. e4 c5 2. Nc3 g6 3. Nf3 Bg7 4. d4 cxd4 5. Nxd4 Nc6 6. Be3 Nf6 7. Bc4 Qa5 8.
O-O O-O 9. Bb3 d6 10. h3 Bd7 11. Re1 Rfc8 12. Nd5 Qd8 13. Bg5 Nxd4 14. Bxf6 exf6
15. Qxd4 f5 16. Qd2 fxe4 17. Rxe4 Be6 18. c3 Rc5 19. Rae1 a5 20. Nf4 Bxb3 21.
axb3 Re5 22. Nd5 h5 23. f4 Rxe4 24. Rxe4 Qh4 25. Kh2 Bf8 26. g3 Qd8 27. Re8 Qxe8
28. Nf6+ Kh8 29. Nxe8 Rxe8 30. Kg2 Re6 31. Kf3 Bg7 32. Qd5 b6 33. Qb7 d5 34.
Qxf7 Rd6 35. Qe7 Bf8 36. Qxf8+ 1-0

[Event "Online Olym Div2 C 2020"]
[Site "chess.com INT"]
[Date "2020.08.14"]
[Round "1.2"]
[Board "4"]
[White "Alattar, Ghayda M."]
[Black "Hakimifard, Ghazal"]
[Result "1-0"]
[WhiteTitle "WFM"]
[BlackTitle "WGM"]
[WhiteElo "1868"]
[BlackElo "2265"]
[WhiteTeam "Jordan"]
[BlackTeam "Switzerland"]
[WhiteFideId "8101531"]
[BlackFideId "12506540"]
[EventDate "2020.08.14"]
[EventType "team"]

1. d4 Nf6 2. Nc3 d5 3. Bg5 g6 4. Qd2 Bf5 5. f3 Bg7 6. g4 Be6 7. O-O-O h6 8. Bf4
Na6 9. h4 h5 10. g5 Nd7 11. Nh3 O-O 12. Nf2 c5 13. e3 Qa5 14. Kb1 Rfc8 15. Nxd5
Nb4 16. Nxb4 cxb4 17. d5 Bc3 18. Qd3 Nc5 19. Qb5 Qxb5 20. Bxb5 a6 21. Bc4 Bxb2
22. dxe6 Na4 23. exf7+ Kf8 24. Bb3 Nc3+ 25. Kxb2 Nxd1+ 26. Rxd1 a5 27. Ne4 a4
28. Be6 Rc6 29. Bd5 Rcc8 30. Bxb7 1-0

[Event "Online Olym Div2 C 2020"]
[Site "chess.com INT"]
[Date "2020.08.14"]
[Round "1.2"]
[Board "5"]
[White "Baenziger, Fabian"]
[Black "Loay, Sameer"]
[Result "1-0"]
[WhiteTitle "IM"]
[BlackTitle "IM"]
[WhiteElo "2397"]
[BlackElo "2197"]
[WhiteTeam "Switzerland"]
[BlackTeam "Jordan"]
[WhiteFideId "1330110"]
[BlackFideId "8104239"]
[EventDate "2020.08.14"]
[EventType "team"]

1. d4 d6 2. Nf3 g6 3. c4 Bg7 4. Nc3 Nf6 5. e4 O-O 6. Be2 Na6 7. O-O e5 8. Be3
Ng4 9. Bg5 Qe8 10. h3 Nf6 11. Bxf6 Bxf6 12. c5 exd4 13. Nd5 Bd8 14. cxd6 c6 15.
Ne7+ Bxe7 16. dxe7 Qxe7 17. Qxd4 Rd8 18. Qe3 Nc5 19. e5 Be6 20. b3 Kg7 21. Rac1
Nd7 22. Nd4 Bd5 23. f4 Re8 24. Qg3 f6 25. Nf5+ 1-0

[Event "Online Olym Div2 C 2020"]
[Site "chess.com INT"]
[Date "2020.08.14"]
[Round "1.2"]
[Board "6"]
[White "Tala, Alnasser"]
[Black "Zhuang, Yongzhe"]
[Result "0-1"]
[WhiteElo "1431"]
[BlackElo "1645"]
[WhiteTeam "Jordan"]
[BlackTeam "Switzerland"]
[WhiteFideId "8110328"]
[BlackFideId "1339893"]
[EventDate "2020.08.14"]
[EventType "team"]

1. d4 d5 2. Nf3 c5 3. c3 Nc6 4. Bg5 h6 5. Bh4 Qb6 6. Qb3 c4 7. Qxb6 axb6 8. Nbd2
Bf5 9. h3 e6 10. g4 Bg6 11. Bg3 Nf6 12. Bg2 b5 13. Be5 Be7 14. Bxf6 Bxf6 15. h4
b4 16. a3 bxc3 17. bxc3 Be7 18. h5 Bh7 19. Ng1 Rxa3 20. Rxa3 Bxa3 21. e4 Ne7 22.
Ne2 Kd7 23. O-O Rb8 24. Nf4 Bd6 25. e5 Bc7 26. Ra1 b5 27. Ne2 Nc6 28. f4 b4 29.
cxb4 Rxb4 30. Ra2 Bd3 31. Nf3 Bb6 32. Kf2 Bxe2 33. Kxe2 Nxd4+ 34. Nxd4 Bxd4 35.
Kd2 g5 36. fxg5 hxg5 37. Bf1 Rb2+ 38. Rxb2 Bxb2 39. h6 Bxe5 40. h7 Ke7 41. Kc2
Bh8 42. Be2 Kf6 43. Kc3 Kg7 44. Kd4 Kxh7+ 45. Kc5 Kg6 46. Kb4 Kf6 47. Kc3 Ke5
48. Bf1 Kf4+ 49. Kc2 Kxg4 0-1

[Event "Online Olym Div2 C 2020"]
[Site "chess.com INT"]
[Date "2020.08.14"]
[Round "1.3"]
[Board "1"]
[White "Ashiku, Franc"]
[Black "Sirosh, Ilja"]
[Result "1-0"]
[WhiteTitle "IM"]
[BlackTitle "IM"]
[WhiteElo "2419"]
[BlackElo "2405"]
[WhiteTeam "Albania"]
[BlackTeam "Estonia"]
[WhiteFideId "4700066"]
[BlackFideId "4500458"]
[EventDate "2020.08.14"]
[EventType "team"]

1. d4 d5 2. c4 e6 3. Nc3 c5 4. cxd5 exd5 5. Nf3 Nc6 6. e3 Nf6 7. Bb5 cxd4 8.
Nxd4 Bd7 9. O-O Bd6 10. Be2 O-O 11. Nxc6 bxc6 12. e4 Qc7 13. exd5 Bxh2+ 14. Kh1
Nxd5 15. Nxd5 cxd5 16. g3 Bxg3 17. fxg3 Qxg3 18. Bf4 Qh4+ 19. Kg1 Rae8 20. Bd3
d4 21. Qf3 Re6 22. Rac1 Rf6 23. Qg3 Qxg3+ 24. Bxg3 Rxf1+ 25. Kxf1 Be6 26. b4 h5
27. Rc5 Bxa2 28. Rxh5 Re8 29. Bh7+ Kh8 30. Bb1+ Kg8 31. Bxa2 Re3 32. Bf2 Ra3 33.
Ra5 1-0

[Event "Online Olym Div2 C 2020"]
[Site "chess.com INT"]
[Date "2020.08.14"]
[Round "1.3"]
[Board "2"]
[White "Pedmanson, Herman"]
[Black "Pasko, Llambi"]
[Result "0-1"]
[BlackTitle "IM"]
[WhiteElo "1867"]
[BlackElo "2410"]
[WhiteTeam "Estonia"]
[BlackTeam "Albania"]
[WhiteFideId "4505786"]
[BlackFideId "4701178"]
[EventDate "2020.08.14"]
[EventType "team"]

1. e4 c6 2. d3 d5 3. Nd2 g6 4. g3 Bg7 5. Bg2 dxe4 6. dxe4 Nd7 7. Ngf3 Nc5 8. O-O
Nf6 9. Ne1 Nfxe4 10. c3 O-O 11. Qc2 Nxd2 12. Bxd2 Bf5 13. Qc1 Re8 14. Bh6 Bh8
15. Qe3 Qb6 16. Nf3 Rad8 17. Nd4 Bc8 18. Rad1 Ne6 19. Nxe6 Bxe6 20. Qe2 Bxa2 21.
Be3 Qc7 22. Bxa7 Rxd1 23. Rxd1 Bb3 24. Re1 e5 25. Bc5 Bg7 26. h3 h6 27. Qe3 Kh7
28. Ra1 Bd5 29. Ra7 Bxg2 30. Kxg2 Qd7 31. c4 e4 32. b4 h5 33. Ra2 Bh6 34. Qd4
Qf5 35. Ra7 Qf3+ 36. Kg1 e3 37. Rxb7 e2 0-1

[Event "Online Olym Div2 C 2020"]
[Site "chess.com INT"]
[Date "2020.08.14"]
[Round "1.3"]
[Board "3"]
[White "Shabanaj, Eglantina"]
[Black "Viikmaa, Karmen"]
[Result "1-0"]
[WhiteTitle "WCM"]
[WhiteElo "1996"]
[BlackElo "1720"]
[WhiteTeam "Albania"]
[BlackTeam "Estonia"]
[WhiteFideId "4700562"]
[BlackFideId "4502620"]
[EventDate "2020.08.14"]
[EventType "team"]

1. d4 Nf6 2. Nf3 g6 3. g3 Bg7 4. Bg2 O-O 5. O-O d6 6. Nbd2 Nbd7 7. e4 e5 8. c3
c6 9. Re1 Re8 10. Qc2 Qc7 11. b3 Nf8 12. Bb2 Ne6 13. Rad1 a5 14. dxe5 dxe5 15.
Nc4 Nd7 16. Ba3 Nec5 17. b4 axb4 18. cxb4 Ne6 19. Nd6 Rd8 20. Bc1 Nd4 21. Nxd4
Qxd6 22. Nf5 Qxb4 23. Nxg7 Kxg7 24. Bg5 Re8 25. Bd2 Qa4 26. Qd3 Nc5 27. Qe3 Ne6
28. Qh6+ Kg8 29. Bh3 Nd4 30. Kg2 Bxh3+ 31. Qxh3 Qa3 32. Re3 Qxa2 33. Rd3 Qe6 34.
Qh4 Qe7 35. Bg5 Qf8 36. Bf6 Re6 37. g4 Rae8 38. g5 Ne2 39. Qxh7+ Kxh7 40. Rh3+
Qh6 41. Rxh6+ Kg8 42. Rh8# 1-0

[Event "Online Olym Div2 C 2020"]
[Site "chess.com INT"]
[Date "2020.08.14"]
[Round "1.3"]
[Board "5"]
[White "Veleshnja, Zino"]
[Black "Garanin, Aleksei"]
[Result "1/2-1/2"]
[BlackTitle "FM"]
[WhiteElo "2287"]
[BlackElo "2233"]
[WhiteTeam "Albania"]
[BlackTeam "Estonia"]
[WhiteFideId "4701313"]
[BlackFideId "4504950"]
[EventDate "2020.08.14"]
[EventType "team"]

1. d4 Nf6 2. c4 g6 3. Nc3 Bg7 4. Nf3 O-O 5. Bf4 d6 6. h3 Nbd7 7. e3 c5 8. Be2
Re8 9. O-O e5 10. dxe5 dxe5 11. Nxe5 Qb6 12. Nxd7 Bxd7 13. Qb3 Qxb3 14. axb3 Bc6
15. Rfd1 Ne4 16. Nxe4 Bxe4 17. Rd2 a6 18. Rad1 Rac8 19. Bf3 Bxf3 20. gxf3 Bf6
21. Rd7 b5 22. R7d6 Bxb2 23. Rxa6 bxc4 24. bxc4 Be5 25. Bxe5 Rxe5 26. Rd7 Rf5
27. f4 Rb8 28. Kg2 Rb4 29. Rd5 Rxc4 30. Rxf5 gxf5 31. Rf6 Kg7 32. Rxf5 Rc1 33.
Rd5 c4 34. Rc5 c3 35. Rc6 c2 36. f5 f6 37. Rc7+ Kh6 38. h4 Kh5 39. Rxh7+ Kg4 40.
Rc7 1/2-1/2

[Event "Online Olym Div2 C 2020"]
[Site "chess.com INT"]
[Date "2020.08.14"]
[Round "1.3"]
[Board "6"]
[White "Pool, Linda Maria"]
[Black "Shuqja, Klean"]
[Result "0-1"]
[BlackTitle "WCM"]
[WhiteElo "1148"]
[BlackElo "1838"]
[WhiteTeam "Estonia"]
[BlackTeam "Albania"]
[WhiteFideId "4508882"]
[BlackFideId "4701585"]
[EventDate "2020.08.14"]
[EventType "team"]

1. d4 Nf6 2. Nf3 g6 3. c4 Bg7 4. Nc3 d5 5. Bf4 c6 6. h3 O-O 7. e3 Nbd7 8. cxd5
Nxd5 9. Nxd5 cxd5 10. Be2 Qb6 11. b3 Nf6 12. O-O Bd7 13. Rc1 Rac8 14. Ne1 Ne4
15. Nd3 Rxc1 16. Qxc1 Rc8 17. Qb2 Bb5 18. Rc1 Rxc1+ 19. Qxc1 h6 20. Qc2 Kh7 21.
Be5 Bxd3 22. Bxd3 Bxe5 23. dxe5 Nc5 24. h4 h5 25. Be2 Kg7 26. Qd2 e6 27. Kh2 Ne4
28. Qc2 Nxf2 29. Bxh5 Qxe3 30. Bf3 Qxe5+ 31. Kg1 Ne4 32. Qc1 Qd4+ 33. Kh1 Nf2+
34. Kh2 Nd3 35. Qf1 Qf4+ 36. Kg1 Qd4+ 37. Kh2 Qxh4+ 38. Kg1 Qd4+ 39. Kh2 Qe5+
40. Kg1 Nc5 41. Qc1 Ne4 42. Qd1 Nf6 43. Qc1 b6 44. Qd1 d4 45. Qd2 Qe3+ 46. Qxe3
dxe3 47. Kf1 Nd5 48. Ke2 Kf6 49. Bxd5 exd5 50. Kxe3 Ke5 51. Kd3 f5 52. g3 g5 53.
Ke3 f4+ 54. gxf4+ gxf4+ 55. Kd3 d4 56. a4 a6 57. b4 b5 58. a5 Kd5 59. Ke2 Kc4
60. Kf3 d3 61. Kxf4 d2 62. Ke3 d1=Q 63. Ke4 Qd3+ 64. Kf4 Qe2 65. Kg5 Qf3 66. Kg6
Qf4 67. Kg7 Qf5 68. Kh6 Qg4 69. Kh7 Kd5 70. Kh6 Ke6 71. Kh7 Kf7 72. Kh6 Qg6# 0-1

[Event "Online Olym Div2 C 2020"]
[Site "chess.com INT"]
[Date "2020.08.14"]
[Round "1.4"]
[Board "1"]
[White "Georgiev, Kiril"]
[Black "Vocaturo, Daniele"]
[Result "1/2-1/2"]
[WhiteTitle "GM"]
[BlackTitle "GM"]
[WhiteElo "2592"]
[BlackElo "2617"]
[WhiteTeam "North Macedonia"]
[BlackTeam "Italy"]
[WhiteFideId "2900017"]
[BlackFideId "813192"]
[EventDate "2020.08.14"]
[EventType "team"]

1. d4 d5 2. c4 dxc4 3. e3 e5 4. Nf3 Nc6 5. Bxc4 e4 6. Nfd2 Qg5 7. Nxe4 Qxg2 8.
Ng3 Qh3 9. Nc3 Bd6 10. Nce4 Nh6 11. Qh5 Bb4+ 12. Bd2 Qxh5 13. Nxh5 Bg4 14. Be2
Bxe2 15. Kxe2 Bxd2 16. Kxd2 Nf5 17. Rhg1 g6 18. Nhf6+ Ke7 19. Nd5+ Kd7 20. Ndf6+
Ke7 21. Rac1 Rad8 22. Ke2 Nd6 23. h4 Nxe4 24. Nxe4 Rd5 25. Nc5 Nd8 26. Rg5 f5
27. Rgg1 c6 28. h5 Kf6 29. hxg6 hxg6 30. Rh1 Rxh1 31. Rxh1 Kg7 32. b4 Nf7 33. a4
b6 34. Nd3 Kf6 35. Rc1 Rd6 36. a5 Ke7 37. Ra1 Rd7 38. Rg1 g5 39. f4 g4 40. Rc1
Kd6 41. Rh1 Kd5 42. Rh5 Nd6 43. Ne5 Rg7 44. Rg5 Rh7 45. Nxg4 Kc4 46. Ne5+ Kxb4
47. axb6 axb6 48. Nxc6+ Kc3 49. d5 Rh2+ 50. Kf3 Rh3+ 51. Ke2 Rh2+ 52. Kf3 Rh3+
53. Ke2 Rh2+ 1/2-1/2

[Event "Online Olym Div2 C 2020"]
[Site "chess.com INT"]
[Date "2020.08.14"]
[Round "1.4"]
[Board "2"]
[White "Valsecchi, Alessio"]
[Black "Stojanovski, Dejan"]
[Result "1/2-1/2"]
[WhiteTitle "GM"]
[BlackTitle "IM"]
[WhiteElo "2491"]
[BlackElo "2421"]
[WhiteTeam "Italy"]
[BlackTeam "North Macedonia"]
[WhiteFideId "818860"]
[BlackFideId "15000796"]
[EventDate "2020.08.14"]
[EventType "team"]

1. d4 Nf6 2. c4 c5 3. d5 b5 4. cxb5 a6 5. e3 g6 6. Nc3 Bg7 7. e4 O-O 8. a4 d6 9.
Nf3 axb5 10. Bxb5 Ba6 11. Bd2 Bxb5 12. axb5 Nbd7 13. O-O Qb6 14. h3 Rfb8 15. Be3
Ne8 16. Qe2 Nc7 17. Rxa8 Rxa8 18. Nd2 Qb7 19. f4 Rb8 20. Nc4 Nxb5 21. Na5 Nxc3
22. bxc3 Qb2 23. Qxb2 Rxb2 24. Nc6 Bxc3 25. Nxe7+ Kg7 26. Rc1 Bd4 27. Bxd4+ cxd4
28. Rd1 Re2 29. Rxd4 Nf6 30. e5 dxe5 31. fxe5 Rxe5 32. d6 Kf8 33. d7 Nxd7 34.
Nxg6+ hxg6 35. Rxd7 Kg7 1/2-1/2

[Event "Online Olym Div2 C 2020"]
[Site "chess.com INT"]
[Date "2020.08.14"]
[Round "1.4"]
[Board "4"]
[White "Brunello, Marina"]
[Black "Bejatovic, Bojana"]
[Result "1-0"]
[WhiteTitle "IM"]
[WhiteElo "2368"]
[BlackElo "2031"]
[WhiteTeam "Italy"]
[BlackTeam "North Macedonia"]
[WhiteFideId "822590"]
[BlackFideId "15000141"]
[EventDate "2020.08.14"]
[EventType "team"]

1. e4 c5 2. Nf3 e6 3. d4 cxd4 4. Nxd4 Nf6 5. Nc3 Nc6 6. Be3 d5 7. exd5 Nxd5 8.
Nxd5 Qxd5 9. Nb5 Bb4+ 10. c3 Ba5 11. Nd6+ Kf8 12. Nc4 Bc7 13. Qc2 b5 14. Rd1 Qf5
15. Qxf5 exf5 16. Nd6 a6 17. Nxc8 Rxc8 18. Bd3 g6 19. Bh6+ Ke7 20. O-O Rhe8 21.
Bc2 Kf6 22. h4 a5 23. Rd7 a4 24. Bd3 Ne5 25. Bxb5 Nxd7 26. Bxd7 Rb8 27. Bxe8
Rxe8 28. Be3 Rb8 29. Bd4+ Ke6 30. Re1+ Kd5 31. Re2 a3 32. b3 Bf4 33. g3 Bd6 34.
Kg2 Rb7 35. Rd2 Ke6 36. c4 Rd7 37. Re2+ 1-0

[Event "Online Olym Div2 C 2020"]
[Site "chess.com INT"]
[Date "2020.08.14"]
[Round "1.4"]
[Board "5"]
[White "Lazov, Toni"]
[Black "Moroni, Luca Jr"]
[Result "0-1"]
[WhiteTitle "IM"]
[BlackTitle "GM"]
[WhiteElo "2405"]
[BlackElo "2530"]
[WhiteTeam "North Macedonia"]
[BlackTeam "Italy"]
[WhiteFideId "15000770"]
[BlackFideId "865834"]
[EventDate "2020.08.14"]
[EventType "team"]

1. e4 e5 2. Nf3 Nc6 3. Bc4 Bc5 4. O-O Nf6 5. d3 a6 6. a4 d6 7. c3 Ba7 8. Re1 h6
9. Nbd2 g5 10. Nf1 g4 11. Nh4 Nxe4 12. dxe4 Qxh4 13. Be3 Be6 14. Bxe6 fxe6 15.
Qb3 Kd7 16. Bxa7 Rxa7 17. Qc2 Rf8 18. b4 Raa8 19. b5 Na5 20. Ne3 h5 21. Rad1
axb5 22. axb5 b6 23. Rd2 Qg5 24. Qd1 Ke7 25. Qe2 Nb3 26. Ra2 Qf4 27. Rxa8 Rxa8
28. Nf1 Nc5 29. g3 Qg5 30. f3 gxf3 31. Qxf3 Rf8 32. Qg2 Nd3 33. Re3 Rxf1+ 0-1